000 01674cam a2200157 4500500
005 20251012001319.0
041 _afre
042 _adc
100 1 0 _aMouchenik, Yoram
_eauthor
700 1 0 _a Baubet, Thierry
_eauthor
700 1 0 _a Moro, Marie Rose
_eauthor
245 0 0 _aManuel des psychotraumatismes : Cliniques et recherches contemporaines
260 _bLa Pensée sauvage,
_c2012.
520 _aCet ouvrage, rédigé par une équipe internationale de spécialistes, propose une clarification des concepts et des théories du traumatisme psychique à partir des champs cliniques, des expériences de terrains et des avancées thérapeutiques. Pour penser le traumatisme, il faut se situer dans l’histoire, la géographie, les cultures, le social et le politique et partir de la singularité de la rencontre avec les patients. Les apports théoriques et cliniques des auteurs reflètent le double objectif de recherche et d’action tant les traumatismes psychiques contemporains nous obligent à repenser les cadres classiques de nos interventions et nos propres positions. Un premier axe est de revisiter les conceptions classiques du traumatisme psychique dans la diversité des approches. Le second axe est celui de l’intérêt de la recherche, pour nourrir la clinique. Dans cet ouvrage, les auteurs exposent des approches didactiques, claires, concises et novatrices qui s’adressent aux étudiants, aux professionnels et à tous ceux qui souhaitent comprendre les traumatismes et ne renoncent pas à prévenir et à soigner.
856 4 1 _uhttps://shs.cairn.info/manuel-des-psychotraumatismes--9782859192754?lang=fr&redirect-ssocas=7080
999 _c1512449
_d1512449